Pays ayant la plus grande armée - Statistiques

Statistiques générales
  • Ce quiz a été pris 292 fois
  • Le résultat moyen est 11 sur 15
Statistiques - réponses
classement pays % Correct
1 Etats Unis
99%
7 France
99%
2 Russie
99%
3 Chine
98%
8 Royaume Uni
88%
4 Inde
87%
5 Japon
87%
10 Bresil
79%
6 Corée du Sud
78%
11 Italie
69%
9 Pakistan
65%
13 Turquie
55%
14 Iran
53%
12 Egypte
46%
15 Indonesie
42%
Aucun quiz correspondant
Distribution des résultats
% des personnes avec chaque résultat
Percentile par nombre de réponses
Votre historique - résultats
Vous n’avez pas pris ce quiz